[Event "Titled Tue 24th Jun Late"]
[Site "chess.com INT"]
[Date "2025.06.24"]
[Round "4"]
[White "Jumabayev, Rinat"]
[Black "Graif, William"]
[Result "1-0"]
[WhiteTitle "GM"]
[BlackTitle "FM"]
[WhiteElo "2546"]
[BlackElo "2211"]
[WhiteFideId "13702661"]
[BlackFideId "2609835"]
[EventDate "2025.06.24"]

1. e4 e5 2. Nf3 Bc5 3. Bc4 Nf6 4. d3 O-O 5. O-O d6 6. c3 a6 7. a4 Ba7 8. h3 h6
9. Re1 Be6 10. Bxe6 fxe6 11. Be3 Bxe3 12. Rxe3 Nbd7 13. Nbd2 Qe8 14. d4 Rd8 15.
Qb3 b6 16. dxe5 dxe5 17. Qc4 a5 18. Qxc7 Qg6 19. Qc4 Nh5 20. Nh4 Qf6 21. Nhf3
Nf4 22. Kh2 Kh8 23. g3 Nh5 24. Rf1 Rc8 25. Qe2 Nc5 26. b3 Rfd8 27. Nc4 Nd7 28.
Nh4 Qf7 29. Nd6 Qe7 30. Nxc8 Rxc8 31. Qxh5 1-0

[Event "Titled Tue 24th Jun Late"]
[Site "chess.com INT"]
[Date "2025.06.24"]
[Round "4"]
[White "Cernov, Henrik"]
[Black "Demchenko, Anton"]
[Result "0-1"]
[WhiteTitle "FM"]
[BlackTitle "GM"]
[WhiteElo "2325"]
[BlackElo "2619"]
[WhiteFideId "16258312"]
[BlackFideId "4160258"]
[EventDate "2025.06.24"]

1. e4 d6 2. d4 Nf6 3. Nc3 e5 4. Nf3 Nbd7 5. Rg1 c6 6. g4 h6 7. Be3 b5 8. Bd3 b4
9. Ne2 d5 10. Nxe5 Nxe5 11. dxe5 dxe4 12. exf6 exd3 13. fxg7 Bxg7 14. cxd3 Bxb2
15. Rb1 Be5 16. Rxb4 Bxh2 17. Rh1 Bd6 18. Re4+ Kf8 19. Qa1 Kg8 20. Rxh6 Rxh6 21.
Bxh6 f6 22. Nf4 Bxg4 23. Ng6 Bf5 24. Bg5 Bxe4 25. Bxf6 Qe8 26. dxe4 Qxe4+ 27.
Kd2 Bb4+ 28. Kc1 Qxg6 29. Qe5 Ba3+ 0-1

[Event "Titled Tue 24th Jun Late"]
[Site "chess.com INT"]
[Date "2025.06.24"]
[Round "4"]
[White "Bogaudinov, Rushan"]
[Black "Novosel, Lovro"]
[Result "1-0"]
[WhiteTitle "FM"]
[BlackTitle "FM"]
[WhiteElo "1912"]
[BlackElo "2338"]
[WhiteFideId "4129288"]
[BlackFideId "14547120"]
[EventDate "2025.06.24"]

1. e4 c6 2. d4 d5 3. e5 Bf5 4. c4 e6 5. Nc3 h6 6. a3 dxc4 7. Bxc4 Nd7 8. Nge2
Nb6 9. Bb3 Ne7 10. Ng3 Bh7 11. O-O Ned5 12. f4 Be7 13. f5 exf5 14. Nxf5 Bxf5 15.
Rxf5 Qd7 16. Qf3 Qe6 17. Ne4 g6 18. Nf6+ Kf8 19. Rf4 Kg7 20. Bd2 Rad8 21. Rf1
Rdf8 22. a4 Nxf4 23. Bxe6 Nxe6 24. a5 Nc4 25. Bc3 b5 26. Qxc6 Ne3 27. Rf3 Rc8
28. Qe4 Nf5 29. Rxf5 gxf5 30. Qxf5 Rhd8 31. d5 Bc5+ 32. Kf1 Ng5 33. h4 1-0

[Event "Titled Tue 24th Jun Late"]
[Site "chess.com INT"]
[Date "2025.06.24"]
[Round "4"]
[White "Lugo, Blas"]
[Black "Oluka Robert Mcligeyo"]
[Result "1-0"]
[WhiteTitle "IM"]
[BlackTitle "CM"]
[WhiteElo "2399"]
[BlackElo "2061"]
[WhiteFideId "2011263"]
[BlackFideId "10814647"]
[EventDate "2025.06.24"]

1. e4 c5 2. Nf3 d6 3. Nc3 Nf6 4. d4 cxd4 5. Nxd4 a6 6. Be3 Ng4 7. Bg5 h6 8. Bh4
g5 9. Bg3 Bg7 10. Be2 h5 11. h3 h4 12. Bxg4 hxg3 13. Bxc8 gxf2+ 14. Kxf2 Qxc8
15. Qd2 Qc5 16. Rad1 Nc6 17. Ne2 e5 18. Qxg5 Bh6 19. Qf6 Kd7 20. b4 Qb6 21.
Qxf7+ Ne7 22. Kg3 Rag8+ 23. Kh2 exd4 24. Nxd4 d5 25. Nf5 Qc7+ 26. g3 Qxc2+ 27.
Kg1 Be3+ 28. Nxe3 Rxg3+ 29. Kf1 Rxe3 30. Rxd5+ Kc6 31. Qe6+ Kc7 32. Rc5+ Kb8 33.
Rxc2 Rf8+ 34. Kg2 1-0

[Event "Titled Tue 24th Jun Late"]
[Site "chess.com INT"]
[Date "2025.06.24"]
[Round "4"]
[White "Al-Tarboush, Ward"]
[Black "Povshednyi, Ivan"]
[Result "1-0"]
[WhiteTitle "FM"]
[BlackTitle "FM"]
[WhiteElo "2223"]
[BlackElo "2309"]
[WhiteFideId "7601450"]
[BlackFideId "14190907"]
[EventDate "2025.06.24"]

1. e4 c5 2. Nf3 Nc6 3. d4 cxd4 4. Nxd4 e6 5. Nc3 Qc7 6. Be3 a6 7. Qd2 Nf6 8.
O-O-O Be7 9. f3 b5 10. g4 Nxd4 11. Qxd4 O-O 12. g5 Nh5 13. Ne2 Rd8 14. f4 Bb7
15. Bg2 Rac8 16. Rd2 d5 17. e5 g6 18. Ng3 Ng7 19. h4 Bc5 20. Qxc5 Qxc5 21. Bxc5
Rxc5 22. h5 Rc4 23. hxg6 hxg6 24. Ne4 Nf5 25. b3 Rxe4 26. Bxe4 Ng3 27. Re1 Rc8
28. Bd3 Kf8 29. Rg2 Nh5 30. Rf2 Ke7 31. Kb2 Rc7 32. a3 Rc8 33. b4 Bc6 34. Re3
Ra8 35. Be2 Ng7 36. Rc3 Kd7 37. Bd3 Nh5 38. Rc5 Bb7 39. Be2 Ng3 40. Bf3 Nf5 41.
Rd2 Rh8 42. c4 bxc4 43. Rxc4 Rh4 44. Rc3 Rxf4 45. Rdc2 Ke8 46. Rc7 Rxf3 47. Rxb7
Kf8 48. a4 Re3 49. b5 axb5 50. a5 Nd4 51. Rc8+ Kg7 52. a6 Rxe5 53. a7 Re2+ 54.
Kb1 Re1+ 55. Rc1 Re3 56. a8=Q Rb3+ 57. Ka2 Rb4 58. Rxf7+ Kxf7 59. Rc7# 1-0

[Event "Titled Tue 24th Jun Late"]
[Site "chess.com INT"]
[Date "2025.06.24"]
[Round "4"]
[White "Richter, Paul"]
[Black "Mishra, Abhimanyu"]
[Result "0-1"]
[BlackTitle "GM"]
[WhiteElo "2171"]
[BlackElo "2611"]
[WhiteFideId "2046350"]
[BlackFideId "30920019"]
[EventDate "2025.06.24"]

1. e4 Nc6 2. Nf3 g6 3. d4 Bg7 4. Bc4 d6 5. Nc3 Nf6 6. Qe2 Bg4 7. Be3 e5 8. Bb5
exd4 9. Bxd4 O-O 10. Bxc6 bxc6 11. h3 Bxf3 12. Qxf3 Rb8 13. O-O-O Qe7 14. Rhe1
Nd7 15. Bxa7 Rb4 16. a3 Rc4 17. e5 Nxe5 18. Qe2 Rxc3 19. bxc3 c5 20. f4 Bh6 21.
g3 Qe6 22. Bxc5 Qa2 23. Kd2 Nc4+ 24. Kd3 Nb2+ 25. Kd2 dxc5 26. Ra1 Rd8+ 27. Ke3
Re8+ 28. Kf3 Rxe2 29. Rxa2 Rxe1 30. Rxb2 Ra1 31. Rb5 Rxa3 32. Rxc5 Bg7 33. Rxc7
Rxc3+ 34. Rxc3 Bxc3 35. Ke4 f5+ 36. Kf3 Kf7 37. Ke3 Ke6 38. Kf3 Be1 39. g4 Kd5
40. Ke2 Ba5 41. Kd3 Bc7 42. c4+ Kc5 43. gxf5 gxf5 44. Ke3 Kxc4 0-1

[Event "Titled Tue 24th Jun Late"]
[Site "chess.com INT"]
[Date "2025.06.24"]
[Round "4"]
[White "Winkels, Marcel"]
[Black "Levano Loayza, Adriano Jaffet"]
[Result "0-1"]
[WhiteTitle "CM"]
[BlackTitle "CM"]
[WhiteElo "1905"]
[BlackElo "2023"]
[WhiteFideId "1003887"]
[BlackFideId "3865584"]
[EventDate "2025.06.24"]

1. e4 c5 2. d4 cxd4 3. c3 dxc3 4. Nxc3 Nc6 5. Nf3 d6 6. Bc4 Nf6 7. O-O e6 8. Qe2
Be7 9. Rd1 e5 10. Bg5 Bg4 11. Be3 O-O 12. h3 Be6 13. Nd5 Na5 14. Nxe5 Nxc4 15.
Qxc4 Nxd5 16. exd5 Bf5 17. Nf3 Bf6 18. Bd4 Re8 19. Rac1 Be4 20. Nd2 Bg6 21. Nf3
Bg5 22. Nxg5 Qxg5 23. Be3 Qf6 24. b3 Be4 25. Rd4 Qg6 26. Qf1 Re5 27. Rcc4 Bxd5
28. Rc7 Rh5 29. Kh2 h6 30. Rd2 Qe6 31. Bd4 Bc6 32. Re2 Qd5 33. Ree7 Qxd4 34.
Rxf7 Rg5 35. g3 h5 36. h4 Rg6 37. Qe2 Qd5 38. f3 Re8 0-1

[Event "Titled Tue 24th Jun Late"]
[Site "chess.com INT"]
[Date "2025.06.24"]
[Round "4"]
[White "Reprintsev, Alexander"]
[Black "Garcia Alvarez, Diego"]
[Result "1-0"]
[WhiteTitle "IM"]
[WhiteElo "2256"]
[BlackElo "2124"]
[WhiteFideId "14100541"]
[BlackFideId "32094795"]
[EventDate "2025.06.24"]

1. e4 c5 2. b3 b6 3. d4 cxd4 4. Qxd4 Nc6 5. Qd2 Nf6 6. Nc3 g6 7. Bb2 Bg7 8.
O-O-O O-O 9. f4 d6 10. Nf3 a6 11. e5 dxe5 12. Qxd8 Rxd8 13. Rxd8+ Nxd8 14. Nxe5
Bb7 15. Na4 b5 16. Nc5 Bd5 17. c4 bxc4 18. Bxc4 Bxg2 19. Rd1 e6 20. Nxa6 Rc8 21.
Kb1 Be4+ 22. Bd3 Bd5 23. Nb4 Bb7 24. a4 Nh5 25. Rf1 Bf8 26. Nc2 Bd5 27. Bc4 Be4
28. Bd3 Bd5 29. Nc4 Nc6 30. N2e3 Nb4 31. Nxd5 Nxd3 32. Ndb6 Rd8 33. Be5 Be7 34.
Bc7 Rd4 35. Be5 Rd8 36. a5 Nxe5 37. fxe5 Bb4 38. Kc2 1-0

[Event "Titled Tue 24th Jun Late"]
[Site "chess.com INT"]
[Date "2025.06.24"]
[Round "4"]
[White "Meruga, Shanmukha"]
[Black "Aalto, Patrik"]
[Result "0-1"]
[BlackTitle "FM"]
[WhiteElo "1985"]
[BlackElo "2316"]
[WhiteFideId "30908183"]
[BlackFideId "510726"]
[EventDate "2025.06.24"]

1. d4 Nf6 2. Nf3 e6 3. c4 c5 4. d5 b5 5. Nc3 b4 6. Nb1 exd5 7. cxd5 g6 8. Nbd2
Bg7 9. e4 d6 10. h3 O-O 11. Bd3 Nbd7 12. a3 Re8 13. O-O a5 14. axb4 cxb4 15. Re1
Nc5 16. Bc2 Ba6 17. Nd4 Qc7 18. Nc6 Bb5 19. Nd4 Bd7 20. f3 Nxd5 21. N4b3 Nxb3
22. Bxb3 Nb6 23. Kh1 a4 24. Bc2 a3 25. bxa3 Bxa1 26. axb4 Bg7 27. Nb3 d5 28. Nc5
dxe4 29. Bxe4 Ra1 30. Qd2 Bc6 31. Rd1 Bxe4 32. Nxe4 Nc4 33. Qd5 Nb6 34. Qd3 Rxc1
35. Nc5 Rxd1+ 36. Qxd1 Rd8 37. Qe2 Qd6 0-1

[Event "Titled Tue 24th Jun Late"]
[Site "chess.com INT"]
[Date "2025.06.24"]
[Round "4"]
[White "Spyropoulos, Nikolaos"]
[Black "Garde, Guillaume"]
[Result "1-0"]
[WhiteTitle "IM"]
[BlackTitle "CM"]
[WhiteElo "2400"]
[BlackElo "2211"]
[WhiteFideId "4298977"]
[BlackFideId "45138273"]
[EventDate "2025.06.24"]

1. e4 c6 2. d4 d5 3. e5 c5 4. dxc5 e6 5. a3 Bxc5 6. Bd3 Nc6 7. Nf3 Nge7 8. b4
Bb6 9. Bb2 Ng6 10. O-O Bd7 11. Re1 O-O 12. Nbd2 Bc7 13. c4 dxc4 14. Nxc4 Qb8 15.
Ng5 Be8 16. Re3 Nce7 17. Nxh7 Kxh7 18. Qh5+ Kg8 19. Rh3 f5 20. exf6 Nf5 21. Bxf5
exf5 22. Qh7+ Kf7 23. Qxg7+ Ke6 24. Re1+ Kd5 25. f7 Bxf7 26. Qd4+ Kc6 27. Qc5+
Kd7 28. Rd3+ Kc8 29. Nd6+ Kd7 30. Nxf7+ Kc8 31. Nd6+ Kd7 32. Nb5+ Kc8 33. Rc1
Rf7 34. Nd6+ Kd7 35. Nxf7+ Ke6 36. Qxc7 Qxc7 37. Rxc7 Nf4 38. Rd6# 1-0

[Event "Titled Tue 24th Jun Late"]
[Site "chess.com INT"]
[Date "2025.06.24"]
[Round "4"]
[White "Fikiet, Alex"]
[Black "Montano Vicente, Guadalupe"]
[Result "1-0"]
[WhiteElo "2151"]
[BlackElo "1938"]
[WhiteFideId "2052717"]
[BlackFideId "5181399"]
[EventDate "2025.06.24"]

1. e4 c5 2. d4 cxd4 3. c3 Nf6 4. e5 Nd5 5. Nf3 d6 6. Bc4 Nb6 7. Bb3 dxe5 8. Nxe5
e6 9. O-O Bd6 10. Qxd4 O-O 11. Rd1 Bc7 12. Qe4 Qf6 13. Nf3 h6 14. Be3 Nc6 15.
Na3 Qf5 16. Qxf5 exf5 17. Nb5 Bb8 18. Bc5 Re8 19. Re1 Be6 20. Rad1 Bf4 21. Bxe6
Rxe6 22. Rxe6 fxe6 23. g3 Bg5 24. Nc7 Rd8 25. Rxd8+ Nxd8 26. Nxg5 hxg5 27. Be7
Nf7 28. Nxe6 g4 29. Nd4 g6 30. Bc5 Nc4 31. b3 Nd2 32. Bxa7 Ne4 33. Ne6 Nxc3 34.
a4 Nd5 35. Bd4 Nd6 36. Nc5 b6 37. Nd7 Nc8 38. Nf6+ Kf7 39. Nxd5 1-0

[Event "Titled Tue 24th Jun Late"]
[Site "chess.com INT"]
[Date "2025.06.24"]
[Round "4"]
[White "Miserendino, Alfredo"]
[Black "Myagmarsuren, Evsuld"]
[Result "0-1"]
[BlackTitle "FM"]
[WhiteElo "2032"]
[BlackElo "2292"]
[WhiteFideId "101800"]
[BlackFideId "1551639"]
[EventDate "2025.06.24"]

1. e4 c6 2. d4 d5 3. Nc3 dxe4 4. Nxe4 Nf6 5. Nxf6+ exf6 6. c3 Bd6 7. Bd3 O-O 8.
Qc2 h5 9. Be3 Re8 10. O-O-O Qa5 11. Kb1 Nd7 12. Ne2 Nf8 13. Nf4 b5 14. Rde1 b4
15. c4 c5 16. dxc5 Bxc5 17. Bxc5 Rxe1+ 18. Rxe1 b3 19. Qc3 bxa2+ 20. Ka1 Qxc5
21. Re3 Rb8 22. Nd5 Be6 23. Nxf6+ gxf6 24. Qxf6 Bg4 25. h3 Rb6 26. Qc3 Bc8 27.
Rg3+ Ng6 28. f4 Qf2 29. Bc2 Qxf4 30. Bxg6 Rxg6 0-1

[Event "Titled Tue 24th Jun Late"]
[Site "chess.com INT"]
[Date "2025.06.24"]
[Round "4"]
[White "Nguyen, Ngoc Truong Son"]
[Black "Carnicelli, Valerio"]
[Result "1-0"]
[WhiteTitle "GM"]
[BlackTitle "FM"]
[WhiteElo "2600"]
[BlackElo "2396"]
[WhiteFideId "12401110"]
[BlackFideId "856185"]
[EventDate "2025.06.24"]

1. e4 d6 2. d4 Nf6 3. Nc3 e5 4. dxe5 dxe5 5. Qxd8+ Kxd8 6. Be3 Bd6 7. f3 Ke7 8.
O-O-O a6 9. g4 h6 10. h4 Be6 11. Nge2 c6 12. Ng3 g6 13. Bh3 Nbd7 14. Kb1 b5 15.
Nce2 Bc5 16. Bd2 Nb6 17. Nc1 Bf2 18. Nf1 Nfd7 19. h5 g5 20. Nd3 Bd4 21. c3 Bc5
22. Nxc5 Nxc5 23. Ne3 Rhd8 24. Bf1 a5 25. Be2 a4 26. Bc1 a3 27. Rxd8 Kxd8 28.
Rd1+ Ke7 29. b3 Bxb3 30. Nf5+ Kf6 31. Rd6+ Be6 32. Rxc6 Nba4 33. Kc2 Rc8 34.
Rxc8 Bxc8 35. Bxb5 Be6 36. Bxa3 Bxa2 37. c4 Bb3+ 38. Kd2 Ne6 39. Be7# 1-0

[Event "Titled Tue 24th Jun Late"]
[Site "chess.com INT"]
[Date "2025.06.24"]
[Round "4"]
[White "Atoyan, Alberto"]
[Black "Slovineanu, Viacheslav"]
[Result "1/2-1/2"]
[WhiteTitle "CM"]
[BlackTitle "IM"]
[WhiteElo "2266"]
[BlackElo "2412"]
[WhiteFideId "13314831"]
[BlackFideId "13900510"]
[EventDate "2025.06.24"]

1. e4 c6 2. d4 d5 3. exd5 cxd5 4. Bd3 Nc6 5. c3 Nf6 6. Bf4 Bg4 7. Qb3 Qd7 8. Nd2
e6 9. Ngf3 Bxf3 10. Nxf3 Bd6 11. Bxd6 Qxd6 12. O-O O-O 13. Rae1 Qc7 14. Qc2 Rac8
15. Qe2 a6 16. a4 g6 17. h4 Rfe8 18. Ne5 Nxe5 19. dxe5 Nd7 20. h5 Nc5 21. Bc2
Red8 22. Rd1 Nd7 23. Rfe1 Qc4 24. Qf3 Qh4 25. hxg6 hxg6 26. g3 Qg5 27. Qe2 Kg7
28. Kg2 Rh8 29. f4 Qh5 30. Qxh5 Rxh5 31. Rh1 Rxh1 32. Kxh1 Nb6 33. Bb3 Nc4 34.
Bxc4 Rxc4 35. Rd4 Rxd4 36. cxd4 g5 37. Kg2 g4 38. a5 f5 39. exf6+ Kxf6 40. Kf2
Kg6 41. Ke3 Kf6 42. Kd2 Kf5 43. Kd3 Kf6 44. Kc3 Kf5 45. Kd3 Kf6 46. Ke3 Kf5 47.
Kd3 1/2-1/2

[Event "Titled Tue 24th Jun Late"]
[Site "chess.com INT"]
[Date "2025.06.24"]
[Round "4"]
[White "Hartge, Gedeon"]
[Black "Kharitonov, Sergei"]
[Result "1-0"]
[WhiteTitle "FM"]
[BlackTitle "CM"]
[WhiteElo "2328"]
[BlackElo "2014"]
[WhiteFideId "12932116"]
[BlackFideId "4129750"]
[EventDate "2025.06.24"]

1. e4 c5 2. Nf3 d6 3. d4 cxd4 4. Nxd4 Nf6 5. Nc3 a6 6. Be3 e5 7. Nb3 Be6 8. f3
Nbd7 9. g4 b5 10. g5 Nh5 11. Qd2 Be7 12. O-O-O Rc8 13. Kb1 Nb6 14. h4 O-O 15.
Qf2 Nc4 16. Bc1 Na3+ 17. Ka1 Nf4 18. Rh2 f5 19. Bd3 Nxd3 20. cxd3 b4 21. bxa3
bxc3 22. Qc2 fxe4 23. fxe4 Qb6 24. d4 Bg4 25. Rd3 Qc6 26. d5 Qc4 27. Re3 Rf1 28.
Kb1 Bd1 29. Qd3 Bxb3 30. Qxc4 Bxc4 31. Rxc3 Rb8+ 32. Rb2 Rxb2+ 33. Kxb2 Bb5 34.
Rc7 Kf7 35. g6+ Kxg6 36. Rxe7 Rf2+ 37. Kb3 Re2 38. a4 1-0

[Event "Titled Tue 24th Jun Late"]
[Site "chess.com INT"]
[Date "2025.06.24"]
[Round "4"]
[White "Fomevor, Cephas Clinton"]
[Black "Gorbenko, Rustem"]
[Result "0-1"]
[WhiteTitle "CM"]
[BlackTitle "CM"]
[WhiteElo "1883"]
[BlackElo "2201"]
[WhiteFideId "12601330"]
[BlackFideId "14111438"]
[EventDate "2025.06.24"]

1. d4 e6 2. c4 Nf6 3. Nc3 Bb4 4. Nf3 b6 5. Bg5 h6 6. Bxf6 Qxf6 7. e3 Bb7 8. Be2
O-O 9. Rc1 d6 10. O-O Nd7 11. a3 Bxc3 12. Rxc3 e5 13. Rc1 Rfe8 14. b4 c5 15.
dxc5 bxc5 16. Nd2 cxb4 17. axb4 a5 18. bxa5 Rxa5 19. Bf3 e4 20. Be2 Ne5 21. Qc2
Qg6 22. Nb3 Ra3 23. Nd4 Rea8 24. Nb5 Ra2 25. Qd1 Nf3+ 26. Kh1 Rd2 27. Qb3 Rxe2
28. gxf3 exf3 29. Rg1 Qh5 30. Rcf1 Raa2 31. Nxd6 Rxf2 0-1

[Event "Titled Tue 24th Jun Late"]
[Site "chess.com INT"]
[Date "2025.06.24"]
[Round "4"]
[White "Ozen, Batuhan"]
[Black "Jagodzinski, Piotr"]
[Result "0-1"]
[WhiteTitle "CM"]
[BlackTitle "CM"]
[WhiteElo "2128"]
[BlackElo "2239"]
[WhiteFideId "6345123"]
[BlackFideId "1136593"]
[EventDate "2025.06.24"]

1. c4 e6 2. Nf3 d5 3. g3 Nf6 4. Bg2 Be7 5. O-O O-O 6. b3 b6 7. cxd5 Nxd5 8. Bb2
Bb7 9. d4 Nd7 10. Re1 c5 11. e4 N5f6 12. Nc3 cxd4 13. Nxd4 Bb4 14. a3 Bxc3 15.
Bxc3 Rc8 16. Bb4 Nc5 17. f3 a5 18. Bxc5 Rxc5 19. Bf1 Qe7 20. b4 Rcc8 21. Qb1
Rfd8 22. Nb5 Ba6 23. bxa5 Qc5+ 24. Kh1 Rd2 25. Rd1 Rxd1 26. Qxd1 Bxb5 27. axb6
Bxf1 28. Qxf1 Qxb6 29. a4 Ra8 30. Qd3 h5 31. h4 Qf2 32. Rg1 Rb8 33. Qf1 Qa2 34.
Qh3 Qxa4 35. g4 hxg4 36. Qg3 Qb3 37. e5 Ne8 38. Qxg4 Qc2 39. h5 Rb2 40. Qg3 Qf5 0-1

[Event "Titled Tue 24th Jun Late"]
[Site "chess.com INT"]
[Date "2025.06.24"]
[Round "4"]
[White "Alvarez, Leandro"]
[Black "Nayak, Rajesh"]
[Result "0-1"]
[BlackTitle "FM"]
[WhiteElo "2143"]
[BlackElo "2262"]
[WhiteFideId "132756"]
[BlackFideId "35017152"]
[EventDate "2025.06.24"]

1. e4 c5 2. Nf3 d6 3. d4 cxd4 4. Nxd4 Nf6 5. Nc3 g6 6. Be3 Bg7 7. Bc4 O-O 8. Bb3
Nc6 9. f3 Bd7 10. Qd3 Rc8 11. O-O-O Ne5 12. Qe2 b5 13. Ndxb5 Qa5 14. f4 Bg4 15.
Qd2 Nc4 16. Bxc4 Rxc4 17. e5 Ne4 18. Nxe4 Qxb5 19. Nc3 Qa5 20. Qd5 Qc7 21. Rd4
Rxc3 22. bxc3 Qxc3 23. Qb3 Qc6 24. Qd5 Qc3 25. Qb3 Qc8 26. Rc4 Qa8 27. Rg1 Be6
28. Qc3 Bxc4 29. Qxc4 Rc8 30. Qd3 dxe5 31. fxe5 Bxe5 32. Rd1 Qxg2 33. Bd2 Qxh2
34. Bg5 Bf4+ 35. Bxf4 Qxf4+ 36. Qd2 Qa4 37. Qd7 Qa3+ 38. Kd2 Qc3+ 39. Kc1 Qxc2# 0-1

[Event "Titled Tue 24th Jun Late"]
[Site "chess.com INT"]
[Date "2025.06.24"]
[Round "4"]
[White "Mikhalevski, Victor"]
[Black "Rao, Anjaneya Sripathy"]
[Result "1-0"]
[WhiteTitle "GM"]
[BlackTitle "CM"]
[WhiteElo "2492"]
[BlackElo "2217"]
[WhiteFideId "2801914"]
[BlackFideId "30954770"]
[EventDate "2025.06.24"]

1. Nf3 d5 2. g3 Nf6 3. Bg2 e6 4. O-O Be7 5. c4 O-O 6. b3 b6 7. Bb2 Bb7 8. e3 c5
9. Nc3 Nc6 10. cxd5 Nxd5 11. Nxd5 Qxd5 12. d4 Qd7 13. dxc5 Qxd1 14. Rfxd1 Bxc5
15. Rd7 Bc8 16. Rc7 Ne7 17. Ne5 Nd5 18. Bxd5 exd5 19. Nd3 Bd6 20. Rc6 Rd8 21. f3
Bb7 22. Rc2 f6 23. Kf2 Kf7 24. a4 Rac8 25. Rac1 Rxc2+ 26. Rxc2 Rc8 27. Rd2 g5
28. h3 Ke6 29. g4 Be5 30. Ne1 Bxb2 31. Rxb2 Ba6 32. Nc2 Rc3 33. Nd4+ Kd7 34. Ra2
Bd3 35. a5 Bg6 36. axb6 axb6 37. Ra7+ Kd6 38. Nb5+ 1-0

[Event "Titled Tue 24th Jun Late"]
[Site "chess.com INT"]
[Date "2025.06.24"]
[Round "4"]
[White "Bhatia, Kanishka"]
[Black "Hua, Lefong"]
[Result "0-1"]
[WhiteTitle "WCM"]
[BlackTitle "FM"]
[WhiteElo "1965"]
[BlackElo "2305"]
[WhiteFideId "2410095"]
[BlackFideId "2602253"]
[EventDate "2025.06.24"]

1. e4 c5 2. c3 Nf6 3. e5 Nd5 4. d4 cxd4 5. Nf3 Nc6 6. cxd4 d6 7. Nc3 dxe5 8.
dxe5 Nxc3 9. Qxd8+ Nxd8 10. bxc3 g6 11. Bb5+ Bd7 12. Bxd7+ Kxd7 13. Be3 Nc6 14.
O-O Bg7 15. Bf4 h6 16. Rfd1+ Kc8 17. Rd2 g5 18. Bg3 g4 19. Nd4 Rd8 20. Rad1 Nxe5
21. Nf5 Rxd2 22. Rxd2 Bf6 23. Nxe7+ Bxe7 24. Bxe5 a5 25. Rd4 h5 26. Kf1 Ra6 27.
Rc4+ Rc6 28. Rxc6+ bxc6 29. a4 Kd7 30. Ke2 Bc5 31. f4 Bd6 32. Bxd6 Kxd6 33. g3
Kc5 34. Kd3 f6 35. Kd2 Kc4 36. Kc2 f5 37. Kb2 Kd3 38. Kb3 c5 39. c4 Kd4 40. Kb2
Kxc4 41. Kc2 Kb4 42. Kb2 Kxa4 43. Ka2 Kb4 0-1

[Event "Titled Tue 24th Jun Late"]
[Site "chess.com INT"]
[Date "2025.06.24"]
[Round "4"]
[White "Radil, Casper"]
[Black "Borges, Wagner da Silva"]
[Result "1-0"]
[WhiteTitle "CM"]
[BlackTitle "CM"]
[WhiteElo "2206"]
[BlackElo "2062"]
[WhiteFideId "1410164"]
[BlackFideId "2100401"]
[EventDate "2025.06.24"]

1. e4 e6 2. d4 d5 3. e5 c5 4. c3 Nd7 5. Nf3 Ne7 6. Bd3 Nc6 7. O-O f6 8. exf6
Nxf6 9. Re1 Bd6 10. dxc5 Bxc5 11. b4 Bd6 12. b5 Na5 13. Bg5 O-O 14. Nbd2 Qc7 15.
Rc1 Bd7 16. c4 d4 17. c5 Bf4 18. Nxd4 Bxg5 19. g3 Rad8 20. f4 Bh6 21. N2f3 Bc8
22. Qc2 g6 23. Nxe6 Bxe6 24. Rxe6 Bxf4 25. gxf4 Qxf4 26. Rf1 Qg4+ 27. Kh1 Qxe6
28. Bxg6 Kh8 29. Bf5 Qe3 30. Bh3 Ne4 31. Bg2 Rg8 32. Qb2+ Rg7 33. Ne5 Ng5 34.
Ng4 Qe6 35. Nh6 Qxh6 36. Qc3 b6 37. c6 Rc8 38. Qe5 Nf7 39. Qf5 Rf8 40. Bd5 Nc4
41. Bxc4 Rgg8 42. Bxf7 1-0

[Event "Titled Tue 24th Jun Late"]
[Site "chess.com INT"]
[Date "2025.06.24"]
[Round "4"]
[White "Esipenko, Andrey"]
[Black "Livaic, Leon"]
[Result "0-1"]
[WhiteTitle "GM"]
[BlackTitle "GM"]
[WhiteElo "2689"]
[BlackElo "2550"]
[WhiteFideId "24175439"]
[BlackFideId "14531534"]
[EventDate "2025.06.24"]

1. d4 Nf6 2. Nf3 e6 3. g3 d5 4. Bg2 Be7 5. O-O O-O 6. Bf4 a5 7. c4 c6 8. Nc3
Nbd7 9. b3 b6 10. cxd5 cxd5 11. Nb5 Ne8 12. Ne5 Nxe5 13. dxe5 Ba6 14. Nd4 Qd7
15. a3 Nc7 16. a4 Rac8 17. Qd2 Bb4 18. Qe3 Bb7 19. h4 Na6 20. Nb5 Rc2 21. Nd6
Nc5 22. Qf3 Ba6 23. Nb5 Bxb5 24. axb5 Qxb5 25. Qg4 Qxe2 26. Bf3 Qd3 27. h5 Qf5
28. Qxf5 exf5 29. Bxd5 Ne6 30. Rac1 Rfc8 31. Rxc2 Rxc2 32. Rc1 Nxf4 33. Rxc2
Nxd5 34. Rc8+ Bf8 35. f4 Nb4 36. Rb8 Nc6 37. Ra8 Nd4 0-1

[Event "Titled Tue 24th Jun Late"]
[Site "chess.com INT"]
[Date "2025.06.24"]
[Round "4"]
[White "Ponizil, Cyril"]
[Black "Svane, Rasmus"]
[Result "1/2-1/2"]
[WhiteTitle "IM"]
[BlackTitle "GM"]
[WhiteElo "2450"]
[BlackElo "2626"]
[WhiteFideId "322202"]
[BlackFideId "4657101"]
[EventDate "2025.06.24"]

1. e4 c6 2. d4 d5 3. f3 e6 4. Nc3 Bb4 5. Ne2 b6 6. a3 Bxc3+ 7. Nxc3 Ne7 8. Be3
O-O 9. Bd3 Ba6 10. O-O Bxd3 11. Qxd3 Nd7 12. Rae1 Rc8 13. Bg5 f6 14. Bd2 Ng6 15.
exd5 exd5 16. Qf5 Re8 17. Re6 Ndf8 18. Rxe8 Qxe8 19. Re1 Qd7 20. Qxd7 Nxd7 21.
Kf2 h5 22. Ne2 Kf7 23. Ng3 c5 24. dxc5 Rxc5 25. c3 Nde5 26. Ke2 h4 27. Nf5 Rc6
28. Nd4 Rc7 29. Bc1 a6 30. f4 Nc4 31. Kd3 Nf8 32. f5 Nd7 33. Kc2 Nde5 34. Bf4
Rc8 35. a4 Re8 36. Re2 h3 37. gxh3 Rh8 38. b3 Nd6 39. Bxe5 fxe5 40. Rxe5 Rxh3
41. Rxd5 Rxh2+ 42. Kd3 Rh3+ 43. Kc2 Ne4 44. Rd7+ Kf6 45. Rc7 Ke5 46. Re7+ Kd5
47. Rd7+ Ke5 48. Re7+ Kd5 49. Rd7+ Ke5 50. Re7+ 1/2-1/2